Econometrics (Record no. 22680)

MARC details
000 -LEADER
fixed length control field 00330nam a2200133Ia 4500
082 ## - DEWEY DECIMAL CLASSIFICATION NUMBER
Classification number 330.115
Item number WON
100 ## - MAIN ENTRY--AUTHOR NAME
Personal name WONNACOTT, Ronald T
245 #0 - TITLE STATEMENT
Title Econometrics
260 ## - PUBLICATION, DISTRIBUTION, ETC. (IMPRINT)
Place of publication New York
Name of publisher John Wiley
Year of publication 1970
650 ## - SUBJECT ADDED ENTRY--TOPICAL TERM
Topical Term Econometrics
700 ## - ADDED ENTRY--PERSONAL NAME
Personal name WONNACOTT, Thomas H
942 ## - ADDED ENTRY ELEMENTS (KOHA)
Koha item type Books
Holdings
Withdrawn status Lost status Damaged status Not for loan Home library Current library Date acquired Full call number Accession Number Koha item type
        RRII Library RRII Library 16/12/2021 330.115 WON 03400 Books